00709nam a22001937a 4500952017200000999001700172003000900189005001700198008004100215040002300256082001800279100003200297245004500329260005200374300002200426650003000448651002500478942001200503 00102ddc40708NFICaASLbASLcGENd2021-01-21eProf. Azizul Haq and Prof. Husniara Huq Collectionsl0o954.297 KHMp104610r2021-01-21 00:00:00tC-1w2021-01-21yBK c21080d21080BDDh-ASL20231015025950.0210121s1980 bg ||||| |||| 00| 0 eng d aBDDh-ASLcBDDh-ASL a954.297bKHM 1 aKhan, Muin Ud-din Ahmad94110aMuslim Communities of South-East Asia /  aChittagong :bIslamic Cultural Centre, c1980.  a102 p. :c22 cm.  092871aMuslim Communities  092547aSoutheast Asia 2ddccBK